000 00515nam a2200193Ia 4500
003 GCL
008 140319s9999 xx 000 0 eng d
040 _aGCL /
_cGCL
082 0 4 _a428.24078
_bR G
100 1 _aRINVOLUCRI, MARIO
245 1 0 _aGRAMMAR GAMES /
_cRINVOLUCRI, MARIO
260 _a[S.N] :
_bCAMBRIBGE UNIVERSITY PRESS ،
_c1994
300 _a138 P P
650 0 4 _aFOREIGN SPEAKERS
650 0 4 _aSTUDY AND TEACHING
650 0 4 _aENGLISH LANGUAGE
650 0 4 _aEDUCATIONAL GAMES
942 _2ddc
_cBK
999 _c17865
_d17865